Research Methodology: Methods and Techniques (Record no. 6289)

MARC details
005 - DATE AND TIME OF LATEST TRANSACTION
control field 20250629113153.0
020 ## - INTERNATIONAL STANDARD BOOK NUMBER
International Standard Book Number 978-81-224-1522-3
082 ## - DEWEY DECIMAL CLASSIFICATION NUMBER
Classification number 650.072 KOT
100 ## - MAIN ENTRY--PERSONAL NAME
Author name KOTHARI, R . C
245 ## - TITLE STATEMENT
Title Research Methodology: Methods and Techniques
250 ## - EDITION STATEMENT
Edition statement 2nd Ed.
260 ## - PUBLICATION, DISTRIBUTION, ETC.
Place of publication, distribution, etc. New Delhi
Name of publisher, distributor, etc. New Age International Publishers
Date of publication, distribution, etc. 2004.
300 ## - PHYSICAL DESCRIPTION
Extent x,401p.: ill.; figures
Other physical details Index
Dimensions 23cm
942 ## - ADDED ENTRY ELEMENTS (KOHA)
Source of classification or shelving scheme Dewey Decimal Classification
Koha item type Books
Holdings
Date last seen Total checkouts Full call number Barcode Cost, replacement price Price effective from Koha item type Lost status Source of classification or shelving scheme Damaged status Not for loan Withdrawn status Home library Current library Shelving location Date acquired Source of acquisition Cost, normal purchase price
06/29/2025   650.072 KOT MZA0002779 90000.00 06/29/2025 Books   Dewey Decimal Classification       CBE Mwanza CBE Mwanza Special Reserve Collection 07/22/2017 Library Budget 30000.00
06/29/2025   650.072 KOT MZA0002780 90000.00 06/29/2025 Books   Dewey Decimal Classification       CBE Mwanza CBE Mwanza Special Reserve Collection 07/22/2017 Library Budget 30000.00
06/29/2025   650.072 KOT MZA0002781 90000.00 06/29/2025 Books   Dewey Decimal Classification       CBE Mwanza CBE Mwanza Special Reserve Collection 07/22/2017 Library Budget 30000.00
06/29/2025   650.072 KOT MZA0002782 90000.00 06/29/2025 Books   Dewey Decimal Classification       CBE Mwanza CBE Mwanza Special Reserve Collection 07/22/2017 Library Budget 30000.00
06/29/2025   650.072 KOT MZA0002783 90000.00 06/29/2025 Books   Dewey Decimal Classification       CBE Mwanza CBE Mwanza Special Reserve Collection 07/22/2017 Library Budget 30000.00
06/29/2025   650.072 KOT MZA0002784 90000.00 06/29/2025 Books   Dewey Decimal Classification       CBE Mwanza CBE Mwanza Special Reserve Collection 07/22/2017 Library Budget 30000.00